00350nam a2200145Ia 4500008004100000020001500041041001200056082001100068100001300079245004200092250000800134260003800142300000800180650001600188221030s9999 xx 000 0 und d a8131502007 aEnglish a105.23 aK. Ayala 4aThe 8051 Microcontrollercby K. Ayala a3rd bCengage LearningaNew Delhic2009 a412 aBE Computer